Parti değil memleket meselesi Adalet (Record no. 4988)

MARC details
000 -BAŞLIK
Sabit Uzunlukta Kontrol Alanı 00993na a2200325 4500
001 - KONTROL NUMARASI
Denetim Alanı 23152
003 - KONTROL NUMARASI IDENTIFIER
Denetim Alanı MIRAKIL
005 - SON İŞLEM TARİHİ VE ZAMANI
Denetim Alanı 20181213155024.0
008 - SABİT-BOY VERİ ELEMANLARI - GENEL BİLGİLER
Sabit Uzunlukta Kontrol Alanı 170721b tu 000 0
020 ## - ULUSLARARASI STANDART KİTAP NUMARASI
Uluslararası Standart Kitap Numarası 9786059350945
040 ## - KATALOGLAMA KAYNAK
Orijinal Kataloglama Ajansı Milas
Kataloglama Dili tur
Metne Dönüştürmek Ajansı TR-AnCHP
041 ## - DİL KODU
Metin / Ses Parça Veya Ayrı Başlığın Dil Kodu tur
082 ## - DEWEY ONLU SINIFLANDIRMA NUMARASI
Sınıflandırma Numarası CHP 324.2172
Ürün Numarası Y26p 2017
090 ## - SINIFLAMA NUMARASI
Sınıflama Numarası CHP 324.2172 Y26p 2017
100 ## - ANA GİRİŞ - KİŞİSEL İSİM
Kişisel Ad Yarkadaş, Barış
245 ## - BAŞLIK TABLOSU
Başlık Parti değil memleket meselesi Adalet
Sorumluluk Tablosu, Vb Barış Yarkadaş
246 ## - UNVAN FORM VARYING
Başlık Doğru / Kısa Başlığı Adalet Yürüyüşü
260 ## - YAYIN, DAĞITIM, VB
Yayın, Dağıtım, Vb Yeri İstanbul
Yayıncı, Dağıtıcı, Vs Adı Halk kitabevi
Yayın, Dağıtım, Vb Tarihi 2017
300 ## - FİZİKSEL TANIM
Kapsam 288 s.
Boyutlar 21 sm.
650 ## - KONU KATMA GİRİŞ - TOPİKAL DÖNEM
Topikal Süreli Veya Coğrafi Ad Giriş Elemanı Yargı bağımsızlığı
Genel Alt Bölümü Türkiye
650 ## - KONU KATMA GİRİŞ - TOPİKAL DÖNEM
Topikal Süreli Veya Coğrafi Ad Giriş Elemanı Yargılamalar
Genel Alt Bölümü Sorunlar
650 ## - KONU KATMA GİRİŞ - TOPİKAL DÖNEM
Topikal Süreli Veya Coğrafi Ad Giriş Elemanı Toplumsal hareketler
Genel Alt Bölümü Adalet yürüyüşü, 2017
650 ## - KONU KATMA GİRİŞ - TOPİKAL DÖNEM
Topikal Süreli Veya Coğrafi Ad Giriş Elemanı CHP
Genel Alt Bölümü Adalet yürüyüşü
Kronolojik Alt Bölümü 2017
650 ## - KONU KATMA GİRİŞ - TOPİKAL DÖNEM
Topikal Süreli Veya Coğrafi Ad Giriş Elemanı Siyaset ve yönetim
Genel Alt Bölümü Türkiye
740 ## - KATMA GİRİŞ - KONTROLSUZ İLGİLİ / ANALİTİK BAŞLIK
Kontrol Edilmeyen / İlgili Analitik Başlıktaki Kılıçdaroğlu adalet yürüyüşü
942 ## - EKLENDİ GİRİŞ ELEMANLARI (KOHA)
Sınıflandırma Veya Raf Düzeni Kaynak Dewey Decimal Classification
Koha Öğesi Türü Books
999 ## - SİSTEM KONTROL NUMARALARI (KOHA)
Koha Biblionumber 4988
Koha Biblioitemnumber 4988
657 ## - INDEX SÜRE - İŞLEVİ
-- Hak, Hukuk, Adalet
657 ## - INDEX SÜRE - İŞLEVİ
-- Adalet Arayışı
657 ## - INDEX SÜRE - İŞLEVİ
-- Maltepe mitingi
Holdings
Kalıcı Konum Mevcut Konum Edinme Tarihi Edinim Kaynak Toplam Check-Out'Lar Tam Çağrı Numarası Barkod Tarih Son Görülme İtibaren Geçerli Fiyatlar Koha Öğesi Türü
CHP Kütüphanesi CHP Kütüphanesi 07/21/2017 Bağış   CHP 324.2172 Y26p 2017 017130 07/21/2017 07/21/2017 Books